000 00760nam a2200229Ii 4500
003 JO-AjNU
008 230605s9999||||xx |||||||||||||| ||und||
017 _a2014/6/2672
020 _a978-9957-16-888-9
040 _aJO-AjNU
_bara
_erda
_cJO-AjNU
041 _aara
050 1 4 _aKMM174.5.F37.2015
100 3 _a فراج ، مصطفى محمود,
_eauthor
_950657
245 0 0 _aالدعاوى وإجراء اتها العملية وفقا لأحداث التعديلات
250 _aط4
264 3 1 _aعمان : دار الثقافة ، 2015
300 _a775ص
336 _atext
_btxt
_2rdacontent
337 _aunmediated
_bn
_2rdamedia
338 _avolume
_bnc
_2rdacarrier
650 4 _aالمحاكم -- إجراءات المحكمة
_950658
999 _aA22328
_c25896
_d25896